| 000 | 00725nam a2200241 a 4500 | ||
|---|---|---|---|
| 005 | 20210219153011.0 | ||
| 008 | 991125n 000 0 u | ||
| 035 | _aUPN01000072475 | ||
| 100 | _aKroll, Linda | ||
| 222 | _aTHE ELEMENTARY SCHOOL JOURNAL | ||
| 245 | _aDevelopmental theory and teaching methods : a pilot study of a teacher education program | ||
| 300 | _a417-441 | ||
| 362 | _a93, No. 4, 1993 | ||
| 505 | _aAgosto 1993 | ||
| 653 | 0 | _aACTUALIZACION DOCENTE | |
| 653 | 0 | _aEDUCACION DEL MAESTRO EN CONSERVACION | |
| 653 | 0 | _aEDUCACION SUPERIOR | |
| 653 | 0 | _aMETODOS EDUCATIVOS | |
| 653 | 0 | _aPROGRAMAS DE EDUCACION A MAESTROS | |
| 700 | _aBlack, Allen | ||
| 904 |
_aAC _b010286 |
||
| 905 | _aArticulo | ||
| 999 |
_c65936 _d65936 |
||